Normal view MARC view
  • Malaysia

Entry Geographic Name

Number of records used in: 2

001 - CONTROL NUMBER

  • control field: 456

003 - CONTROL NUMBER IDENTIFIER

  • control field: OSt

005 - DATE AND TIME OF LATEST TRANSACTION

  • control field: 20170426094014.0

008 - FIXED-LENGTH DATA ELEMENTS

  • fixed length control field: 170426|| aca||aabn | a|a d

040 ## - CATALOGING SOURCE

  • Original cataloging agency: OSt
  • Transcribing agency: OSt

151 ## - HEADING--GEOGRAPHIC NAME

  • Geographic name: Malaysia
  • General subdivision: Cultural policy

670 ## - SOURCE DATA FOUND

  • Source citation: Work cat.: (OSt)0: Dasar-dasar pembangunan Malaysia, 1992
Pusat Sumber Maklumat Dato' Haji Sarmin Md Hussin, Akademi Kastam Diraja Malaysia, Melaka
Tel: 06-2331106 | Faks: 06-2313787